Laboratórium odboru Analytická chémia II

Salvato in:
Dettagli Bibliografici
Autori principali: Mocák, Ján, 1940- (Autore), Ríšová, Juliana (Autore), Streško, Vladimír, 1938- (Autore), Vrábel, Viktor, 1947 (Autore), Lokaj, Ján (Autore), Goljer, Igor (Autore), Staško, Andrej, 1938- (Autore), Štefanec, Jozef (Autore), Beinrohr, Ernest, 1951- (Autore), Bystrický, Slavomír, 1947- (Autore)
Natura: Libro
Lingua:slovacco
Pubblicazione: Bratislava Slovenská vysoká škola technická 1985
Edizione:1. vyd.
Soggetti:
Accesso online:Visualizza in OPAC
Tags: Aggiungi Tag
Nessun Tag, puoi essere il primo ad aggiungerne!!

MARC

LEADER 00000nam a2200000 a 4500
005 20260127134247.0
008 180814s1985 xo 0 slo
015 |a SNBA1985/11 
020 |c 14 Kčs. (110 výtl.) 
035 |a vtls001095938 
035 |a SNK000038780 
039 9 |a 201912070855  |b AUTHORITY  |c 201912070851  |d AUTHORITY  |c 201912070849  |d csnk01  |c 201912070849  |d csnk01  |y 200412241212  |z VLOAD 
040 |a SNK  |b slo  |c SNK  |d STUSCHK1  |e AACR2 
041 0 |a slo 
044 |a xo  |c SK 
080 |a 543(075.8)(076.5)  |2 1. stred. slo 
245 0 0 |a Laboratórium odboru Analytická chémia II  |c Ján Mocák, Juliana Ríšová, Vladimír Streško, Viktor Vrábel, Ján Lokaj, Igor Goljer, Staško,Andrej, Jozef Štefanec, Ernest Beinrohr, Slavomír Bystrický 
250 |a 1. vyd. 
260 |a Bratislava  |b Slovenská vysoká škola technická  |c 1985  |e Bratislava  |f Edičné stredisko SVŠT 
300 |a 279 s., 17,687 AH  |b Tb. Sch.  |c 29 cm 
500 |a Schválil rektor SVŠT v Bratislave ako skriptá. Rozmn. 
650 0 7 |a [BK]  |2 SNK 
650 0 7 |a RM  |2 SNK 
650 0 7 |a UV  |2 SNK 
700 1 |a Mocák, Ján,  |d 1940-  |4 aut  |9 256 
700 1 |a Ríšová, Juliana  |4 aut 
700 1 |a Streško, Vladimír,  |d 1938-  |4 aut  |9 367 
700 1 |a Vrábel, Viktor,  |d 1947  |4 aut  |9 94 
700 1 |a Lokaj, Ján  |4 aut 
700 1 |a Goljer, Igor  |4 aut 
700 1 |a Staško, Andrej,  |d 1938-  |4 aut  |9 242 
700 1 |a Štefanec, Jozef  |4 aut 
700 1 |a Beinrohr, Ernest,  |d 1951-  |4 aut  |9 1115 
700 1 |a Bystrický, Slavomír,  |d 1947-  |4 aut  |9 609 
910 |a SCHK95 
954 |a chémia analytická  |x cvičenia praktické  |x učebnice VŠ 
958 |a OND 
999 |c 8119  |d 8119 
942 0 0 |0 1